Statistiques concernant Choix Multiples sur la Saga Harry Potter

Cliquez ici pour prendre le quiz!

Statistiques générales

  • Ce quiz a été pris 175 fois
  • Le résultat moyen est 14 sur 15

Statistiques - réponses

QuestionRéponse% Correct
Dans quelle maison appartient Harry Potter ?Gryffondor
100%
Comment s'appelle la maison des Weasley ?Le terrier
100%
Quel est le nom de la chouette d'Harry ?Hedwige
99%
Chez qui Harry a grandi après la mort de ces parents ?Pétunia et Vernon Dursley
99%
Qui est le prince de Sang-Mélé ?Severus Rogue
99%
Qui de ces personnages n'a jamais enseigné à Poudlard ?Narcissa Malfoy
98%
Avec qui Harry sort avant de sortir avec Ginny ?Cho Chang
97%
Qui de ces personnages n'est pas un élève de Poudlard ?Fleur Delacour
97%
Qui est Sirius Black ?Le parrain d'Harry
97%
Quelles sont les deux autres écoles qui participent au tournoi ?Beauxbâtons et Durmstrang
96%
Qui peut voir les Sombrals ?Celles qui ont vu la mort de près
96%
Qui sont les quatre fondateurs de Poudlard ?Rowena Serdaigle, Godric Gryffondor, Helga Poufsouffle, Salazar Serpentard
96%
L'argent des sorciers est composé de trois pièces. Lesquelles ?Le Gallion d'or, la Mornille d'argent, la Noise de bronze
92%
Combien y'a t-il de joueurs dans une équipe de Quidditch ?7
80%
Qui a donné la cape d'invisibilité à Harry ?Dumbledore
68%

Distribution des résultats

Percentile par nombre de réponses

% des personnes avec chaque résultat

Votre développement - résultats

Vous n’avez pas pris ce quiz